[Event "Chigorin Memorial 28th"]
[Site "St Petersburg"]
[Date "2021.10.30"]
[Round "8"]
[White "Mulishov, Roman"]
[Black "Veselov, Andrey"]
[Result "1/2-1/2"]
[WhiteElo "1410"]
[BlackElo "2079"]
[PlyCount "116"]
[EventDate "2021.10.23"]
[EventType "swiss"]
[EventRounds "9"]
[EventCountry "RUS"]
[SourceTitle "EXT 2023"]
[Source "ChessBase"]
[SourceDate "2022.10.05"]
[SourceVersion "1"]
[SourceVersionDate "2022.10.05"]
[SourceQuality "1"]

1. e4 c5 2. Nf3 d6 3. d4 cxd4 4. Nxd4 Nf6 5. Nc3 a6 6. Be2 e5 7. Nb3 Be7 8. Bg5 Nbd7 9. Be3 0-0 10. 0-0 b5 11. a4 b4 12. Nd5 Bb7 13. Nxe7+ Qxe7 14. f3 d5 15. exd5 Nxd5 16. Bf2 Rac8 17. Na5 N7f6 18. Nxb7 Qxb7 19. Bd3 Nf4 20. Be3 Nxd3 21. Qxd3 Rfd8 22. Qe2 Qc6 23. Rf2 Nd5 24. a5 f6 25. Bb6 Nxb6 26. axb6 Ra8 27. Rxa6 Rxa6 28. Qxa6 Rd1+ 29. Rf1 Qc5+ 30. Kh1 Rxf1+ 31. Qxf1 Qxb6 32. Qc4+ Kf8 33. h3 Qd6 34. c3 bxc3 35. Qxc3 h6 36. b4 Ke7 37. Kg1 Kd7 38. Kf2 Qc6 39. Qd3+ Kc7 40. Ke2 Kb6 41. Kd2 Qc7 42. Qd5 Qc6 43. Qxc6+ Kxc6 44. g4 Kb5 45. Kc3 g6 46. h4 h5 47. gxh5 gxh5 48. Kb3 Kc6 49. Kc4 f5 50. b5+ Kd6 51. b6 Kc6 52. b7 Kxb7 53. Kd5 e4 54. fxe4 f4 55. Kd4 Kc6 56. e5 f3 57. Ke3 Kd5 58. Kxf3 Kxe5 1/2-1/2

[Event "Chigorin Memorial 28th"]
[Site "St Petersburg"]
[Date "2021.10.23"]
[Round "1"]
[White "Ryumin, Zakhar"]
[Black "Veselov, Andrey"]
[Result "0-1"]
[WhiteElo "1430"]
[BlackElo "2079"]
[PlyCount "48"]
[EventDate "2021.10.23"]
[EventType "swiss"]
[EventRounds "9"]
[EventCountry "RUS"]
[SourceTitle "EXT 2023"]
[Source "ChessBase"]
[SourceDate "2022.10.05"]
[SourceVersion "1"]
[SourceVersionDate "2022.10.05"]
[SourceQuality "1"]

1. d4 Nf6 2. Nf3 e6 3. c4 d5 4. Nc3 Be7 5. Bf4 0-0 6. e3 Nbd7 7. c5 Ne4 8. Nxe4 dxe4 9. Ne5 Nxe5 10. Bxe5 f6 11. Bg3 b6 12. Qc2 bxc5 13. dxc5 Qd5 14. b4 a5 15. Rd1 Qc6 16. a3 axb4 17. axb4 Rd8 18. Rxd8+ Bxd8 19. Qb2 Ba6 20. Be2 Bxe2 21. Kxe2 Qb5+ 22. Kd2 Qd3+ 23. Kc1 Ra3 24. Rd1 Rc3+ 0-1

[Event "Chigorin Memorial 25th"]
[Site "St Petersburg"]
[Date "2017.10.21"]
[Round "1"]
[White "Veselov, Andrey"]
[Black "Bellaiche, Antony"]
[Result "0-1"]
[WhiteElo "2056"]
[BlackElo "2493"]
[PlyCount "62"]
[EventDate "2017.10.21"]
[EventType "swiss"]
[EventRounds "9"]
[EventCountry "RUS"]
[SourceTitle "CBM 181 Extra"]
[Source "ChessBase"]
[SourceDate "2017.12.12"]
[SourceVersion "1"]
[SourceVersionDate "2017.12.12"]
[SourceQuality "1"]

1. e4 c5 2. Nc3 Nc6 3. Nf3 e6 4. d4 cxd4 5. Nxd4 Qc7 6. Be3 a6 7. Bd3 Nf6 8. 0-0 Nxd4 9. Bxd4 Bc5 10. Bxc5 Qxc5 11. Kh1 d6 12. f4 0-0 13. Qe1 e5 14. f5 b5 15. Qh4 Bb7 16. Rf3 h6 17. Rg1 b4 18. Ne2 d5 19. Rg3 Kh8 20. exd5 Bxd5 21. c4 Bb7 22. Nc1 Rad8 23. Rf1 e4 24. Be2 Qe5 25. Rb3 a5 26. g4 e3+ 27. Kg1 Ne4 28. g5 Nxg5 29. f6 Rd4 30. Qg3 gxf6 31. Qxe5 Nh3# 0-1

[Event "Chigorin Memorial 24th"]
[Site "St Petersburg"]
[Date "2016.10.22"]
[Round "8"]
[White "Efremov, Vladislav"]
[Black "Veselov, Andrey"]
[Result "1/2-1/2"]
[WhiteElo "1933"]
[BlackElo "2122"]
[PlyCount "127"]
[EventDate "2016.10.15"]
[EventType "swiss"]
[EventRounds "9"]
[EventCountry "RUS"]
[SourceTitle "CBM 175 Extra"]
[Source "ChessBase"]
[SourceDate "2016.12.12"]
[SourceVersion "1"]
[SourceVersionDate "2016.12.12"]
[SourceQuality "1"]

1. d4 d5 2. c4 e6 3. Nf3 Be7 4. e3 Nf6 5. Nbd2 Nbd7 6. Bd3 c5 7. 0-0 0-0 8. b3 cxd4 9. Nxd4 Ne5 10. Be2 Qb6 11. Bb2 Ng6 12. N4f3 Rd8 13. Qc2 Bd7 14. Bd4 Qc7 15. Qb2 Rdc8 16. Bd3 dxc4 17. Nxc4 b5 18. Nce5 Be8 19. Qe2 Qa5 20. a3 Nd5 21. b4 Qa4 22. Nxg6 hxg6 23. Be4 a5 24. Rfb1 Ra6 25. Ne1 Rac6 26. Ra2 Rc1 27. Rxc1 Rxc1 28. Bc2 Bxb4 29. Bxa4 Rxe1+ 30. Qxe1 Bxe1 31. Bb3 a4 32. Bxd5 exd5 33. Rc2 f6 34. Kf1 Ba5 35. Rc8 Kf7 36. Ra8 Bd2 37. Ra7+ Ke6 38. Ke2 Bc1 39. Bc5 Bd7 40. Kd3 Bb2 41. Kc2 Ba1 42. Ra6+ Ke5 43. Bd6+ Ke4 44. Ra7 Bf5 45. Re7+ Be5 46. Bc5 d4 47. exd4 Kd5+ 48. Kc3 Bxh2 49. g3 Bg1 50. Re2 Bg4 51. Rb2 Kc6 52. Kd3 g5 53. Ke3 f5 54. Rb1 Bh2 55. f3 f4+ 56. Ke2 Bf5 57. Rc1 fxg3 58. Ba7+ Kb7 59. Bc5 Be6 60. Bd6 Bc4+ 61. Ke3 Kc6 62. Be5 Kd5 63. Rb1 g6 64. Rc1 1/2-1/2

[Event "Chigorin Memorial 23rd"]
[Site "St Petersburg"]
[Date "2015.10.10"]
[Round "8"]
[White "Veselov, Andrey"]
[Black "Biriukov, Oleg V"]
[Result "0-1"]
[WhiteElo "2105"]
[BlackElo "2323"]
[PlyCount "52"]
[EventDate "2015.10.03"]
[EventType "swiss"]
[EventRounds "9"]
[EventCountry "RUS"]
[SourceTitle "CBM 168 Extra"]
[Source "ChessBase"]
[SourceDate "2015.10.29"]
[SourceVersion "1"]
[SourceVersionDate "2015.10.29"]
[SourceQuality "1"]

1. e4 c5 2. Nf3 d6 3. Bb5+ Bd7 4. Bxd7+ Qxd7 5. 0-0 Nf6 6. Qe2 Nc6 7. c3 e6 8. d4 cxd4 9. cxd4 d5 10. e5 Ne4 11. Be3 Be7 12. Ne1 f6 13. f3 Ng5 14. Qd2 h6 15. exf6 Bxf6 16. Nc3 0-0 17. Ne2 e5 18. dxe5 Nxe5 19. Rc1 Ne6 20. Nf4 d4 21. Nxe6 Qxe6 22. Bxd4 Rfd8 23. Qe3 Rxd4 24. f4 Qb6 25. fxe5 Bg5 26. Qf2 Bxc1 0-1

[Event "Chigorin Memorial 23rd"]
[Site "St Petersburg"]
[Date "2015.10.04"]
[Round "2"]
[White "Veselov, Andrey"]
[Black "Ivanov, Artem"]
[Result "1-0"]
[WhiteElo "2105"]
[BlackElo "1898"]
[PlyCount "71"]
[EventDate "2015.10.03"]
[EventType "swiss"]
[EventRounds "9"]
[EventCountry "RUS"]
[SourceTitle "CBM 168 Extra"]
[Source "ChessBase"]
[SourceDate "2015.10.29"]
[SourceVersion "1"]
[SourceVersionDate "2015.10.29"]
[SourceQuality "1"]

1. d4 Nf6 2. c4 e6 3. g3 c5 4. Nf3 cxd4 5. Nxd4 Nc6 6. Bg2 Bb4+ 7. Nc3 0-0 8. 0-0 Bc5 9. Nc2 Re8 10. a3 Bf8 11. Bf4 e5 12. Bg5 h6 13. Bxf6 Qxf6 14. Nd5 Qd8 15. b4 d6 16. Qd3 Rb8 17. Rfd1 Be6 18. b5 Na5 19. Ncb4 Qc8 20. Rac1 Qc5 21. Qc3 Qc8 22. Na2 Qd8 23. Qe3 Be7 24. h4 a6 25. Nab4 axb5 26. cxb5 Rc8 27. Rxc8 Qxc8 28. Rc1 Qb8 29. a4 Bf8 30. Nc7 Rc8 31. Nxe6 fxe6 32. Bh3 Kf7 33. Qf3+ Ke7 34. Nd5+ Ke8 35. Rxc8+ Qxc8 36. Bxe6 1-0

[Event "SZFO-ch"]
[Site "St Petersburg"]
[Date "2009.03.26"]
[Round "6"]
[White "Veselov, Andrey"]
[Black "Balakin, Vadim"]
[Result "0-1"]
[WhiteElo "2039"]
[BlackElo "2289"]
[PlyCount "36"]
[EventDate "2009.03.23"]
[EventType "swiss"]
[EventRounds "9"]
[EventCountry "RUS"]
[SourceTitle "EXT 2010"]
[Source "ChessBase"]
[SourceDate "2010.11.25"]
[SourceVersion "1"]
[SourceVersionDate "2010.11.25"]
[SourceQuality "1"]

1. e4 e5 2. f4 exf4 3. Nf3 Be7 4. Bc4 Nf6 5. d3 d5 6. exd5 Nxd5 7. 0-0 g5 8. Nc3 Be6 9. Qe2 0-0 10. Ne4 Re8 11. h4 h6 12. Nh2 f5 13. Qh5 Bf7 14. Qxh6 fxe4 15. dxe4 Bc5+ 16. Kh1 Re6 17. Qxg5+ Qxg5 18. hxg5 Rxe4 0-1

[Event "RUS-chT Clubs U18"]
[Site "Rybinsk"]
[Date "2008.08.09"]
[Round "8"]
[White "Veselov, Andrey"]
[Black "Ustinov, Alexey"]
[Result "0-1"]
[WhiteElo "2055"]
[BlackElo "2059"]
[PlyCount "164"]
[EventDate "2008.08.02"]
[EventType "team"]
[EventRounds "9"]
[EventCountry "RUS"]
[SourceTitle "CBM 125 Extra"]
[Source "ChessBase"]
[SourceDate "2008.09.01"]
[SourceVersion "1"]
[SourceVersionDate "2008.09.01"]
[SourceQuality "1"]

1. e4 c5 2. Nf3 a6 3. c3 d5 4. exd5 Qxd5 5. d4 Bg4 6. Be2 e6 7. 0-0 Nf6 8. Be3 cxd4 9. cxd4 Nc6 10. Nc3 Qd7 11. Qa4 Bd6 12. d5 exd5 13. Bg5 Ne4 14. Nxd5 Nxg5 15. Nxg5 Bxe2 16. Rfe1 0-0 17. Nb6 Qg4 18. Qxg4 Bxg4 19. Nxa8 Rxa8 20. f3 Bf5 21. Rad1 Bb4 22. Re2 f6 23. Ne4 Kf7 24. a3 Be7 25. Nd6+ Bxd6 26. Rxd6 Rd8 27. Rxd8 Nxd8 28. Kf2 b5 29. Ke1 a5 30. Rd2 Ke7 31. Rd5 Bd7 32. a4 bxa4 33. Rxa5 Ne6 34. Kd2 g6 35. Kc3 f5 36. b3 axb3 37. Kxb3 Kf6 38. Ra7 h5 39. Kc3 Bb5 40. Ra2 h4 41. Rb2 Be8 42. Kd2 h3 43. gxh3 Ng5 44. Ke3 Ne6 45. Rb6 Ke5 46. f4+ Nxf4 47. Rb8 Nd5+ 48. Kf2 Bf7 49. Rb5 f4 50. Rb7 Be6 51. Rg7 Kf6 52. Rh7 Kg5 53. Kf3 Nf6 54. Rh8 Bd5+ 55. Kf2 Be4 56. Rf8 Nh5 57. Rf7 Kh4 58. Re7 Bf5 59. Ra7 Kxh3 60. Kg1 g5 61. Ra5 Ng7 62. Ra3+ Kh4 63. Kf2 g4 64. Rb3 Ne6 65. Ra3 Nd4 66. Rc3 Kg5 67. Ra3 Nb5 68. Rb3 Nd6 69. Ra3 Ne4+ 70. Kg2 Bd7 71. Ra5+ Kh4 72. Ra3 Bc6 73. Kf1 f3 74. Ra5 Bd7 75. Re5 Bc6 76. Ra5 Bd7 77. Re5 Ng5 78. Kf2 Nh3+ 79. Kf1 Ba4 80. Rd5 Bb3 81. Rd4 Bc2 82. Rd8 Kg5 0-1

[Event "RUS-chT Clubs U18"]
[Site "Rybinsk"]
[Date "2008.08.08"]
[Round "7"]
[White "Veselov, Andrey"]
[Black "Agishev, Kirill T"]
[Result "1/2-1/2"]
[WhiteElo "2055"]
[BlackElo "1923"]
[PlyCount "91"]
[EventDate "2008.08.02"]
[EventType "team"]
[EventRounds "9"]
[EventCountry "RUS"]
[SourceTitle "CBM 125 Extra"]
[Source "ChessBase"]
[SourceDate "2008.09.01"]
[SourceVersion "1"]
[SourceVersionDate "2008.09.01"]
[SourceQuality "1"]

1. e4 Nf6 2. e5 Nd5 3. d4 d6 4. Nf3 g6 5. Be2 Bg7 6. 0-0 0-0 7. c4 Nb6 8. exd6 cxd6 9. Be3 Nc6 10. Nc3 Bg4 11. Nd2 Bxe2 12. Nxe2 d5 13. c5 Nc8 14. Nf3 e6 15. Qd2 N8e7 16. Bh6 Nf5 17. Bxg7 Kxg7 18. b4 Rc8 19. b5 Na5 20. Rac1 Nc4 21. Qc3 h5 22. Nd2 Nxd2 23. Qxd2 Qc7 24. Rc2 h4 25. Rfc1 Rce8 26. c6 b6 27. Nf4 f6 28. Re1 Kf7 29. a4 g5 30. Ne2 g4 31. g3 Rh8 32. Rd1 hxg3 33. fxg3 Rh7 34. Qf4 Qxf4 35. Nxf4 Ne3 36. c7 Nxc2 37. Rc1 Nxd4 38. c8Q Rxc8 39. Rxc8 Nf3+ 40. Kf1 Nxh2+ 41. Kg2 Nf3 42. Rc2 Kg8 43. Rc8+ Kg7 44. Nxe6+ Kh6 45. Rd8 Re7 46. Rh8+ 1/2-1/2

[Event "RUS-chT Clubs U18"]
[Site "Rybinsk"]
[Date "2008.08.07"]
[Round "6.42"]
[White "Vasilyev, Alexey"]
[Black "Veselov, Andrey"]
[Result "1-0"]
[WhiteElo "2018"]
[BlackElo "2055"]
[PlyCount "77"]
[EventDate "2008.08.02"]
[EventType "team"]
[EventRounds "9"]
[EventCountry "RUS"]
[SourceTitle "EXT 2020"]
[Source "ChessBase"]
[SourceDate "2019.10.17"]
[SourceVersion "1"]
[SourceVersionDate "2019.10.17"]
[SourceQuality "1"]

1. e4 c5 2. Nf3 Nc6 3. d4 cxd4 4. Nxd4 e6 5. Be3 Nf6 6. Bd3 d5 7. Nd2 Be7 8. 0-0 0-0 9. c3 e5 10. Nxc6 bxc6 11. f3 Qc7 12. Kh1 Rd8 13. Qc2 Be6 14. Bg5 h6 15. Bxf6 Bxf6 16. g3 Bg5 17. Rf2 Rab8 18. b3 h5 19. Raf1 Be3 20. Re2 Bc5 21. Rfe1 Bd6 22. c4 Qb7 23. Nf1 Bb4 24. Rc1 d4 25. Rf2 Qe7 26. f4 exf4 27. gxf4 Bg4 28. Nd2 Qh4 29. Nf3 Qh3 30. Ne5 Bd6 31. Nxg4 Qxg4 32. Rg1 Qh4 33. e5 Bf8 34. Qe2 f6 35. e6 f5 36. Rg5 Bd6 37. e7 Re8 38. Qe6+ Kh8 39. Qxf5 1-0

[Event "RUS-chT Clubs U18"]
[Site "Rybinsk"]
[Date "2008.08.04"]
[Round "3"]
[White "Veselov, Andrey"]
[Black "Tkachev, Grigory"]
[Result "0-1"]
[WhiteElo "2055"]
[BlackElo "2124"]
[PlyCount "148"]
[EventDate "2008.08.02"]
[EventType "team"]
[EventRounds "9"]
[EventCountry "RUS"]
[SourceTitle "CBM 125 Extra"]
[Source "ChessBase"]
[SourceDate "2008.09.01"]
[SourceVersion "1"]
[SourceVersionDate "2008.09.01"]
[SourceQuality "1"]

1. e4 c5 2. Nf3 Nc6 3. d4 cxd4 4. Nxd4 Nf6 5. Nc3 e5 6. Ndb5 d6 7. Bg5 a6 8. Na3 b5 9. Nd5 Be7 10. Bxf6 Bxf6 11. c3 Ne7 12. Nc2 Nxd5 13. Qxd5 Rb8 14. Rd1 Be7 15. Ne3 0-0 16. Qd2 Be6 17. Bd3 Bg5 18. 0-0 Qb6 19. Bc2 Rfd8 20. Bb3 Bxb3 21. axb3 Qc5 22. Qd3 Bxe3 23. Qxe3 Qxe3 24. fxe3 Kf8 25. Rd5 Ke7 26. Rfd1 Rbc8 27. Kf2 h5 28. h3 Ke6 29. Ke2 g6 30. R1d2 f5 31. Kf3 Rc6 32. exf5+ gxf5 33. Kg3 Rh8 34. c4 h4+ 35. Kf3 bxc4 36. bxc4 Rb8 37. Ke2 Rb4 38. c5 dxc5 39. Rd8 Rcb6 40. Re8+ Kf6 41. Rf8+ Kg6 42. Re8 e4 43. Rg8+ Kf7 44. Rc8 Rxb2 45. Rxc5 Rxd2+ 46. Kxd2 Kf6 47. Rc2 Kg5 48. Ke2 a5 49. Kf2 a4 50. Ra2 Rb4 51. g3 a3 52. gxh4+ Kxh4 53. Rxa3 Rb2+ 54. Kf1 Kxh3 55. Ra5 Kg4 56. Rc5 Kf3 57. Rxf5+ Kxe3 58. Re5 Rb1+ 59. Kg2 Rd1 60. Re8 Re1 61. Ra8 Rd1 62. Re8 Rd4 63. Re7 Ke2 64. Ra7 e3 65. Ra2+ Rd2 66. Ra1 Rb2 67. Ra8 Kd2 68. Ra1 Ke2 69. Ra8 Rd2 70. Ra1 Rd3 71. Ra2+ Ke1 72. Ra8 e2 73. Re8 Rd7 74. Kf3 Kf1 0-1

[Event "Arctic Cup 3rd"]
[Site "Salekhard"]
[Date "2007.10.14"]
[Round "7"]
[White "Yamszhchikov, Alexey"]
[Black "Veselov, Andrey"]
[Result "1/2-1/2"]
[WhiteElo "2095"]
[BlackElo "2036"]
[PlyCount "66"]
[EventDate "2007.10.08"]
[EventType "team-tourn"]
[EventRounds "11"]
[EventCountry "RUS"]
[SourceTitle "CBM 120 Extra"]
[Source "ChessBase"]
[SourceDate "2007.11.01"]
[SourceVersion "1"]
[SourceVersionDate "2007.11.01"]
[SourceQuality "1"]

1. d4 Nf6 2. Nf3 g6 3. Nbd2 Bg7 4. e4 d6 5. Bc4 0-0 6. 0-0 c5 7. c3 cxd4 8. cxd4 Nxe4 9. Nxe4 d5 10. Bd3 dxe4 11. Bxe4 Nc6 12. d5 Ne5 13. Re1 Qb6 14. Qe2 Bg4 15. Be3 Qb4 16. Bg5 f5 17. Bc2 Bxf3 18. gxf3 Qxb2 19. Bxe7 Rfc8 20. Rac1 Rc3 21. Kg2 Nxf3 22. Qe6+ Kh8 23. Bf6 Nxe1+ 24. Rxe1 Rg3+ 25. hxg3 Qxf6 26. Qd7 Rd8 27. Qxb7 Qb6 28. Qf7 Rf8 29. Re8 Qd6 30. Bb3 a6 31. Bc4 a5 32. a4 Rxe8 33. Qxe8+ Bf8 1/2-1/2

[Event "Arctic Cup 3rd"]
[Site "Salekhard"]
[Date "2007.10.10"]
[Round "3"]
[White "Veselov, Andrey"]
[Black "Matvienko, Ivan"]
[Result "0-1"]
[WhiteElo "2036"]
[BlackElo "2247"]
[PlyCount "36"]
[EventDate "2007.10.08"]
[EventType "team-tourn"]
[EventRounds "11"]
[EventCountry "RUS"]
[SourceTitle "CBM 120 Extra"]
[Source "ChessBase"]
[SourceDate "2007.11.01"]
[SourceVersion "1"]
[SourceVersionDate "2007.11.01"]
[SourceQuality "1"]

1. e4 e5 2. Nf3 Nc6 3. d4 exd4 4. Nxd4 Bc5 5. Be3 Qf6 6. c3 Nge7 7. Bc4 b6 8. 0-0 Bb7 9. Nb5 0-0-0 10. Bxc5 bxc5 11. Qa4 d5 12. exd5 Nxd5 13. Bxd5 Rxd5 14. c4 Rh5 15. Nd2 Qf4 16. Nf3 Ne5 17. Nxa7+ Kb8 18. h3 Nxf3+ 0-1

[Event "Dubna op"]
[Site "Dubna"]
[Date "2007.08.12"]
[Round "14"]
[White "Popelyshev, Igor Viktorovich"]
[Black "Veselov, Andrey"]
[Result "1-0"]
[WhiteElo "2078"]
[BlackElo "2031"]
[PlyCount "59"]
[EventDate "2007.08.02"]
[EventType "swiss"]
[EventRounds "14"]
[EventCountry "RUS"]
[SourceTitle "EXT 2008"]
[Source "ChessBase"]
[SourceDate "2007.11.25"]
[SourceVersion "1"]
[SourceVersionDate "2007.11.25"]
[SourceQuality "1"]

1. e4 c5 2. Nc3 Nc6 3. f4 g6 4. Nf3 Bg7 5. g3 d6 6. Bg2 Nf6 7. d3 0-0 8. 0-0 Bg4 9. h3 Bd7 10. g4 Qc8 11. f5 Ne8 12. Qe1 e6 13. Qh4 exf5 14. gxf5 Nf6 15. Bh6 Nd4 16. Ng5 Nh5 17. Nd5 Qd8 18. Bxg7 Kxg7 19. f6+ Kh8 20. c3 Ne6 21. Bf3 h6 22. Nxe6 Bxe6 23. Ne7 Qd7 24. Bxh5 gxh5 25. Qxh5 Kh7 26. Kh2 Rg8 27. Rg1 Qb5 28. Rxg8 Rxg8 29. Nxg8 Qxb2+ 30. Kg3 1-0

[Event "Dubna op"]
[Site "Dubna"]
[Date "2007.08.11"]
[Round "13"]
[White "Veselov, Andrey"]
[Black "Larina, Marija"]
[Result "0-1"]
[WhiteElo "2031"]
[BlackElo "2092"]
[PlyCount "82"]
[EventDate "2007.08.02"]
[EventType "swiss"]
[EventRounds "14"]
[EventCountry "RUS"]
[SourceTitle "EXT 2008"]
[Source "ChessBase"]
[SourceDate "2007.11.25"]
[SourceVersion "1"]
[SourceVersionDate "2007.11.25"]
[SourceQuality "1"]

1. e4 c5 2. Nf3 e6 3. Nc3 Nc6 4. Bc4 Nf6 5. 0-0 Qc7 6. d4 cxd4 7. Nxd4 Nxd4 8. Qxd4 Bc5 9. Nb5 Qc6 10. Qe5 0-0 11. Bh6 Ne8 12. Qg3 a6 13. Nc3 Bd6 14. e5 Bxe5 15. Qxe5 Qxc4 16. Qg3 d5 17. Rfe1 Kh8 18. Bf4 f6 19. Qf3 Bd7 20. b3 Qc5 21. Ne2 e5 22. Bc1 Bc6 23. c3 Rd8 24. Bb2 Nc7 25. Qh3 Rfe8 26. Ng3 Bd7 27. Qh4 Ne6 28. Nh5 Ng5 29. Qg3 Re7 30. a4 Rf7 31. Ba3 Qb6 32. b4 g6 33. a5 Qc6 34. Rxe5 gxh5 35. Rxg5 fxg5 36. c4 Qf6 37. Ra2 d4 38. Rd2 h4 39. Qc7 Bc6 40. Qb6 Re8 41. Kf1 h3 0-1

[Event "Dubna op"]
[Site "Dubna"]
[Date "2007.08.06"]
[Round "4"]
[White "Shutov, Boris"]
[Black "Veselov, Andrey"]
[Result "1-0"]
[WhiteElo "1955"]
[BlackElo "2031"]
[PlyCount "73"]
[EventDate "2007.08.02"]
[EventType "swiss"]
[EventRounds "14"]
[EventCountry "RUS"]
[SourceTitle "EXT 2008"]
[Source "ChessBase"]
[SourceDate "2007.11.25"]
[SourceVersion "1"]
[SourceVersionDate "2007.11.25"]
[SourceQuality "1"]

1. e4 c5 2. Nc3 Nc6 3. g3 g6 4. Bg2 Bg7 5. Nge2 d6 6. d3 Nf6 7. 0-0 0-0 8. h3 a6 9. Be3 b5 10. Qd2 Bb7 11. g4 b4 12. Nd1 Qc7 13. f4 Nd7 14. f5 e6 15. Bh6 exf5 16. gxf5 Nce5 17. Bxg7 Kxg7 18. Ne3 Nf6 19. Rf2 c4 20. Raf1 Rac8 21. Ng4 Nexg4 22. hxg4 cxd3 23. cxd3 Qb6 24. Kh1 Nxg4 25. f6+ Kh8 26. Rf3 Rc5 27. Ng3 Rfc8 28. Qf4 h5 29. Nf5 Rxf5 30. exf5 Bxf3 31. Bxf3 Nxf6 32. fxg6 Kg7 33. Bd5 Nxd5 34. Qxf7+ Kh6 35. Qh7+ Kg5 36. g7 Ne7 37. Rg1+ 1-0